[Event "XXIV San Miguel 2018"]
[Site "Trevias"]
[Date "2018.09.20"]
[Round "4"]
[White "Clemente Llamero, Roberto"]
[Black "Gonzalez Guedes, Iyan"]
[Result "1/2-1/2"]
[WhiteElo "2086"]
[BlackElo "1927"]
[Annotator "NA RC"]
[PlyCount "57"]
[EventDate "2018.09.17"]
[EventType "swiss"]
[EventCountry "ESP"]
[SourceTitle "playchess.com"]
[Source "ChessBase"]
[SourceQuality "1"]
[TimeControl "5400+30"]

{[%evp 14,57,20,30,32767,32767,32767,32767,32767,32767,32767,32767,32767,32767,32767,32767,32767,32767,32767,32767,32767,32767,40,-10,37,-25,0,-23,-7,-7,-10,-13,-7,-39,-42,-72,-28,-32,-16,-10,-15,-12,25,7,14,2]} 1. e4 c5 2. Nf3 d6 3. Bb5+ Nd7 4. O-O a6 5. Bd3 {B51: Sicilian: Moscow Variation (3 Bb5+) without 3...Bd7} b5 (5... Ngf6 6. Re1 g6 7. c3 Bg7 8. Bc2 O-O 9. d4 e5 10. a4 cxd4 11. cxd4 exd4 12. Nxd4 Nc5 {1-0 (33) Jakovenko,D (2748)-Nepomniachtchi,I (2768) Satka 2018}) 6. c3 Bb7 7. Re1 Ngf6 8. Bc2 Qc7 9. d3 g6 10. h3 $146 ({Predecessor:} 10. Bg5 Bg7 11. Qc1 h6 12. Bd2 Nb6 13. a4 Nxa4 14. Bxa4 bxa4 {1-0 (55) Bukojemski,A (2194)-Bates,R (2371) Basingstoke 2018}) 10... Bg7 11. Be3 c4 12. dxc4 Qxc4 13. Nbd2 Qc7 14. a4 O-O 15. axb5 axb5 16. Rxa8 Rxa8 17. Nd4 Qa5 (17... Ba6 $11) 18. f3 (18. b4 $14 Qd8 19. Nxb5) 18... d5 19. exd5 (19. b4 $14 Qa6 20. Bd3) 19... Nxd5 20. Bf2 e5 21. N4b3 Qc7 22. Bd3 b4 23. c4 Nf4 24. Bf1 Rd8 25. Qc2 Nf8 26. Ra1 N8e6 27. Ra7 Ra8 28. Rxa8+ Bxa8 29. c5 $11 1/2-1/2

[Event "XXIV San Miguel 2018"]
[Site "Trevias"]
[Date "2018.09.20"]
[Round "4"]
[White "Suarez Fernandez, Pablo"]
[Black "Perez Nunez, Saul"]
[Result "1-0"]
[WhiteElo "2084"]
[BlackElo "2182"]
[Annotator "TA"]
[PlyCount "97"]
[EventDate "2018.09.17"]
[EventType "swiss"]
[EventCountry "ESP"]
[SourceTitle "playchess.com"]
[Source "ChessBase"]
[SourceQuality "1"]

{[%evp 16,97,-4,-6,-10,-18,-25,-2,-8,-32,-41,-46,-20,-33,-23,-23,-27,-22,-24,-108,-41,-156,-153,-152,-138,-182,-177,-241,-208,-271,-172,-216,-198,-200,-111,-119,-73,-97,-82,-81,-53,-61,-33,-38,-34,-38,-36,-33,-33,-42,-36,-37,-5,-32,-25,-9,0,0,35,-5,52,55,325,16,27,5,0,37,662,660,657,659,653,652,635,554,633,621,1795,632,637,622,697,691]} 1. e4 c5 2. Nf3 d6 3. d4 cxd4 4. Nxd4 Nf6 5. Nc3 a6 6. h3 e6 7. g3 {B90: Sicilian Najdorf: Unusual White 6th moves, 6 Be3 Ng4 and 6 Be3 e5} (7. g4 h6 8. Bg2 g5 9. Be3 Nbd7 10. Qe2 Ne5 11. O-O-O Nfd7 12. h4 Rg8 13. hxg5 hxg5 14. Kb1 b5 15. f4 gxf4 16. Bxf4 Bb7 {½-½ (56) Karjakin,S (2773)-Mamedyarov,S (2801) Saint Louis 2018}) 7... b5 8. Bg2 Bb7 9. a3 {LiveBook: 3 Games. The position is equal.} Nbd7 10. O-O Qc7 11. f4 Be7 12. Nb3 Rc8 $146 ({Predecessor:} 12... O-O 13. g4 Nc5 14. Nxc5 Qxc5+ 15. Kh2 d5 16. e5 Nd7 17. Ne2 Rfc8 {½-½ (57) Zuest,L (1797)-Grandadam,P (2212) Belp 2010}) 13. Be3 Nb6 14. Na5 Ba8 15. Qd4 Nbd7 16. Nb3 O-O 17. Rfe1 (17. Qa7 $11 {remains equal.}) 17... Nh5 (17... Nc5 $17 18. Rad1 e5) 18. g4 {[#]} (18. Qd1 $15 Nhf6 19. Bf3) 18... Nxf4 $1 $17 {[%mdl 512]} 19. Bxf4 e5 20. Qd2 {Black must now prevent Be3.} exf4 21. Nd4 (21. Qxf4 $142 Qb6+ 22. Kh1) 21... Qc5 22. Kh1 g6 23. Rad1 Bf6 24. Nce2 {[#]} d5 (24... f3 $1 $19 {[%mdl 512]} 25. Bxf3 (25. Nxf3 Bxb2) 25... Bg5) 25. exd5 Bxd5 26. Qxf4 Bg5 27. Qg3 Bxg2+ 28. Qxg2 {Threatening Nf3.} Ne5 29. Ng3 Bh4 30. Ne4 Qb6 31. Re2 h6 32. c3 Rce8 33. Rf1 a5 34. Qh2 Nd7 35. Qf4 Kg7 36. Rg2 {And now Nf5+! would win.} Bd8 (36... Bf6 $5) 37. g5 {Strongly threatening Nd6.} (37. Nf5+ $5 gxf5 38. gxf5+ Kh7 39. f6 $14) 37... hxg5 (37... h5 $11) 38. Nxg5 $14 Ne5 $2 {[%mdl 8192]} ({Black should try} 38... Bxg5 $14 39. Rxg5 (39. Qxg5 Rh8 $11) 39... b4) 39. Ne4 $2 (39. Nf5+ $1 $18 Kg8 {[#]} 40. Nh7 $1 {[%mdl 512]}) 39... Rh8 40. Nf5+ $40 {[%mdl 128] Black needs to defend precisely.} Kf8 41. Nfd6 $1 {[%cal Rf4f7] Intending Qxf7+! and mate.} Rxh3+ $2 {[%mdl 8192]} (41... Rh4 $14 42. Rg4 Rh7) 42. Rh2 $18 {White is clearly winning.} Rxh2+ 43. Qxh2 {Qh8+ would kill now.} Kg8 {Threatens to win with ...Re6.} 44. Nxe8 {Threatening mate with Qh6.} Ng4 45. Qf4 f5 46. Qd6 Kf7 47. Qxb6 Bxb6 48. N4d6+ Ke7 49. Nc8+ {Precision: White = 34%, Black = 35%.} 1-0

[Event "XXIV San Miguel 2018"]
[Site "Trevias"]
[Date "2018.09.20"]
[Round "4"]
[White "Vergara Anton, Diego"]
[Black "Bombin Pinera, Dionisio"]
[Result "1/2-1/2"]
[WhiteElo "2063"]
[BlackElo "1887"]
[Annotator "NA"]
[PlyCount "45"]
[EventDate "2018.09.17"]
[EventType "swiss"]
[EventCountry "ESP"]
[SourceTitle "playchess.com"]
[Source "ChessBase"]
[SourceQuality "1"]
[TimeControl "5400+30"]

1. d4 {[%emt 0:00:00]} Nf6 {[%emt 0:00:00]} 2. Nf3 {[%emt 0:00:31]} d5 {[%emt 0:00:37]} 3. g3 Bf5 {[%emt 0:00:21]} 4. Bg2 e6 {[%emt 0:00:30]} 5. c4 {D02: Damenbauernspiele} Bxb1 {[%emt 0:00:30]} (5... c6 6. O-O Nbd7 7. Nc3 dxc4 8. a4 a5 9. Nh4 Bg4 10. h3 Bh5 11. f4 Nd5 12. Nf3 Bg6 13. Nh4 Bh5 14. Nf3 Bb4 15. Qc2 {0-1 (32) Shimanov,A (2639)-Adhiban,B (2689) Atlantic City 2016}) 6. Rxb1 c6 {[%emt 0:00:30]} 7. O-O Be7 {[%emt 0:00:30]} 8. Qb3 $146 ({Vorgänger:} 8. Qc2 Nbd7 9. b3 O-O 10. Bb2 Qc7 11. Nd2 Rfd8 12. e4 dxe4 13. Nxe4 Nxe4 14. Bxe4 {½-½ (41) Goncalves,I (2208)-De Souza,A (2107) Cuiaba 2016}) 8... Qb6 {[%emt 0:00:30]} 9. Qc2 O-O {[%emt 0:17:25]} 10. c5 Qa6 {[%emt 0:17:55]} 11. b4 {[%emt 0:13:12]} b6 {[%emt 0:01:03]} 12. Ne5 {[%emt 0:06:19]} bxc5 {[%emt 0:02:30]} 13. dxc5 {[%emt 0:00:36]} Nbd7 {[%emt 0:01:27]} 14. Nxd7 {[%emt 0:01:53]} Nxd7 {[%emt 0:06:21]} 15. Rd1 Ne5 {[%emt 0:06:51]} 16. e4 {[%emt 0:06:14]} Qc4 {[%emt 0:01:56]} 17. Qxc4 {[%emt 0:00:44]} Nxc4 {[%emt 0:00:03]} ({Besser ist} 17... dxc4 $14 18. Be3 Rad8) 18. exd5 {[%emt 0:02:36]} cxd5 {[%emt 0:03:27]} (18... exd5 $142 19. b5 Rab8) 19. Bf1 {[%emt 0:02:32]} Ne5 {[%emt 0:09:04]} 20. Ba6 {[%emt 0:03:02]} Rab8 {[%emt 0:02:02]} 21. Bf4 $18 {[%emt 0:06:50]} f6 22. Rdc1 Bd8 {[%emt 0:10:21]} 23. Kg2 {[%emt 0:10:45]} 1/2-1/2

[Event "XXIV San Miguel 2018"]
[Site "Trevias"]
[Date "2018.09.21"]
[Round "5"]
[White "Aguera Naredo, Javier"]
[Black "Cuevas Fernandez, Jose Alberto"]
[Result "1/2-1/2"]
[WhiteElo "2369"]
[BlackElo "2173"]
[Annotator "TA"]
[PlyCount "72"]
[EventDate "2018.09.17"]
[EventType "swiss"]
[EventCountry "ESP"]
[SourceTitle "playchess.com"]
[Source "ChessBase"]
[SourceQuality "1"]

{[%evp 18,72,17,12,54,60,55,46,68,88,134,102,115,76,79,71,113,109,108,108,126,133,137,135,141,124,138,120,106,150,120,21,22,20,60,46,64,47,54,51,92,81,100,33,37,36,63,-24,-27,-25,-25,-29,-16,-139,-130,-138,-127]} 1. e4 c5 2. Nf3 Nc6 3. Nc3 d6 4. d4 cxd4 5. Nxd4 Nf6 6. Bc4 e6 7. Bb3 a6 8. Be3 Qc7 9. O-O Be7 10. f4 {[%cal Bf2f4,Bf4f5][%mdl 32] LiveBook: 101 Games} h5 {B88: Sicilian: Sozin Attack} (10... Na5 11. g4 h5 12. g5 Ng4 13. Bc1 b5 14. h3 b4 15. Na4 Bb7 16. hxg4 Nxb3 17. cxb3 hxg4 18. Qe2 Rh3 {0-1 (27) Rublevsky,S (2681)-Dubov,D (2660) Khanty-Mansiysk 2016}) 11. Kh1 Bd7 12. f5 {[%cal Rf5e6]} Nxd4 {White is slightly better.} 13. Qxd4 Qa5 $146 ({Predecessor:} 13... e5 14. Qd3 Bc6 15. Qc4 O-O 16. Nd5 Qd8 17. Nxe7+ Qxe7 {1-0 (50) Schiller,E (2245)-Shipman,S Hawaii 1994}) 14. Rae1 e5 15. Qd3 Bc6 16. Bg5 Rd8 17. Qc4 Rf8 18. Qe2 Ng4 19. Bxe7 Kxe7 {[#]} 20. Qd2 $1 Qc5 {[#]} 21. Qg5+ $1 Nf6 22. Qxg7 b5 23. a3 a5 24. Qg5 (24. Ra1 $16) 24... Rg8 25. Qd2 Rg4 26. Nd5+ Bxd5 27. Bxd5 ({Much weaker is} 27. exd5 a4 $11) 27... Rdg8 28. Re2 b4 29. axb4 axb4 30. c3 (30. h3 $16 Rg3 31. Rd1) 30... bxc3 $14 31. bxc3 R8g5 32. Qa2 ({White should try} 32. c4 $14) 32... Nxd5 $11 33. exd5 Kf6 $40 {[%mdl 128] Black is up to no good.} 34. Qa8 {And now Qh8+ would win.} Rg8 35. Qb7 (35. Qa1 $1 $11 {was the only way to keep the balance.}) 35... Qc4 $17 {[%mdl 1024] Black has strong compensation.} 36. Rfe1 Qxc3 {Precision: White = 53%, Black = 66%.} 1/2-1/2

[Event "XXIV San Miguel 2018"]
[Site "Trevias"]
[Date "2018.09.21"]
[Round "5"]
[White "Alvarez Fernandez, Enrique"]
[Black "Suarez Fernandez, Pablo"]
[Result "0-1"]
[WhiteElo "2303"]
[BlackElo "2084"]
[Annotator "TA"]
[PlyCount "102"]
[EventDate "2018.09.17"]
[EventType "swiss"]
[EventCountry "ESP"]
[SourceTitle "playchess.com"]
[Source "ChessBase"]
[SourceQuality "1"]

{[%evp 24,102,29,27,61,56,86,71,68,48,107,102,109,111,126,132,136,122,135,141,152,142,161,150,177,180,180,0,90,85,177,25,29,0,38,38,83,9,20,20,39,9,147,161,137,152,139,144,275,267,260,268,248,284,325,49,278,265,395,386,492,484,395,438,402,382,377,371,369,344,458,448,443,391,366,-451,-437,-437,-437,-509,-510]} 1. c4 Nf6 2. Nc3 e6 3. d4 Bb4 4. e3 O-O 5. Bd3 d5 6. Nf3 Nbd7 7. O-O dxc4 8. Bxc4 c5 9. a3 Bxc3 10. bxc3 b6 11. Bb2 Bb7 12. Qe2 Qc7 13. Rac1 {[#] LiveBook: 4 Games} Ng4 $146 {E55: Nimzo-Indian: Rubinstein: Main Line: 7...dxc4 8 Bxc4 Nbd7} ({Predecessor:} 13... Rac8 14. Nd2 Ne4 15. Nxe4 Bxe4 16. f3 Bd5 17. Bd3 Bb3 18. c4 Ba4 19. f4 cxd4 20. exd4 Rfe8 21. Qg4 {1-0 (33) Boensch,U (2520)-Bokros,A (2501) Austria 2010}) 14. e4 Qf4 15. Rce1 Ngf6 {[%cal Rf4e4] White is better.} 16. Bd3 c4 (16... Rac8 $14) 17. Bc2 $16 b5 18. Bc1 {[%cal Bb2c1,Bc1f4,Bf4g3][%mdl 32]} Qg4 19. h3 Qh5 20. Bf4 Rfe8 21. Qe3 h6 22. Bg3 Rac8 23. Rb1 Bc6 {[#]} 24. Nh4 $1 Nh7 25. Nf3 $2 (25. f4 $18 f6 26. f5) 25... Ng5 (25... Nhf6 $1 $11) 26. Nd2 Qg6 (26... f5 $16 {might work better.}) 27. Rb2 $2 (27. f4 $18) 27... f5 $1 $11 28. Bf4 Nf6 {[%cal Rg5e4]} 29. Bxg5 hxg5 30. Re1 (30. Nf3 $16) 30... f4 31. Qe2 {e5 is the strong threat.} e5 $1 32. dxe5 Rxe5 (32... Nd7 $1 $11 {remains equal.}) 33. Nf3 $16 Ree8 {[%cal Rc6e4]} 34. e5 $36 {[%mdl 2048] White is in control.} Qh5 35. Nd4 {Strongly threatening Qxh5.} Qxe2 (35... f3 $16 36. Qd1 (36. Nxf3 Nd5 $16) (36. gxf3 Nd5 $16) 36... g4 37. Nxc6 (37. exf6 gxh3 38. Rxe8+ Rxe8 $19) 37... Rxc6) 36. Rxe2 $18 Nd5 {[#]} 37. Bf5 $1 Nxc3 38. Rec2 Na4 39. Rb1 $2 ({White must play} 39. Bxc8 $18 Rxc8 40. Nxc6 Rxc6 41. Rxb5) 39... Rc7 $2 ({Better is} 39... a6 $14) 40. Nxc6 ({Weaker is} 40. Nxb5 Bxb5 41. Rxb5 Kf7 $14) 40... Rxc6 (40... a6 $142 41. Be4 Kf8) 41. Bd7 Rce6 {intending ...a6.} 42. Bxe8 Rxe8 43. Rxb5 {[%mdl 4096] Endgame KRR-KRN} Nb6 44. Rc5 Re7 45. Ra2 Kf7 46. a4 {[%cal Ba3a4,Ba4a5][%mdl 32]} Ke6 47. a5 Nd7 48. Rxc4 Nxe5 49. h4 $4 {[%mdl 8192]} (49. Rc5 $18 {avoids the disaster.}) 49... Nxc4 $19 {Black is clearly winning.} 50. hxg5 Kd5 51. Kh2 Re5 {Precision: White = 52%, Black = 30%.} 0-1

[Event "XXIV San Miguel 2018"]
[Site "Trevias"]
[Date "2018.09.21"]
[Round "5"]
[White "Perez Nunez, Saul"]
[Black "Martinez Riesgo, Jesus"]
[Result "1-0"]
[WhiteElo "2182"]
[BlackElo "1912"]
[Annotator "TA"]
[PlyCount "33"]
[EventDate "2018.09.17"]
[EventType "swiss"]
[EventCountry "ESP"]
[SourceTitle "playchess.com"]
[Source "ChessBase"]
[SourceQuality "1"]

{[%evp 12,33,35,27,127,47,100,90,83,77,81,81,114,116,144,126,128,94,514,452,659,644,639,647]} 1. e4 c5 2. Nc3 a6 3. Nf3 b5 4. d4 cxd4 5. Nxd4 Bb7 6. Bd3 e6 7. O-O {LiveBook: 633 Games} Bb4 {B43: Sicilian: Kan Variation: 5 Nc3} (7... Nc6 $11 8. Nxc6 Bxc6) (7... Qc7 8. Re1 Bc5 9. Be3 d6 10. Bxb5+ axb5 11. Ndxb5 Qc6 12. Bxc5 dxc5 13. Nd6+ Ke7 14. Nf5+ Ke8 15. Nxg7+ Kf8 16. Nh5 {0-1 (66) Delgado Ramirez,N (2622)-Bachmann,A (2627) Asuncion 2017}) 8. Bd2 (8. a4 $16) 8... Nf6 $146 (8... Bd6 $14) ({Predecessor:} 8... Ne7 9. Ncxb5 Bc5 10. b4 Bxb4 11. Bxb4 axb5 12. Bxe7 Qxe7 13. Nxb5 O-O {0-1 (49) Plaza Agudo,J-Rodriguez Azcarate,D Xirivella 1992}) 9. e5 Bxc3 {White is better.} 10. Bxc3 Nd5 11. Bd2 Qh4 12. Nf3 $36 {[%mdl 2048] White is in control.} Qh5 13. a4 b4 14. Ng5 Qh4 $2 {[%mdl 8192] [#]} (14... Qxd1 $16 {is tougher.} 15. Rfxd1 (15. Raxd1 a5 $16) 15... Nc6) 15. Qf3 {White is clearly winning.} f5 (15... O-O $142 16. g3 Qh6 17. Bxh7+ Kh8) 16. exf6 $18 gxf6 17. g3 1-0

[Event "XXIV San Miguel 2018"]
[Site "Trevias"]
[Date "2018.09.21"]
[Round "5"]
[White "Blazquez Lopez, Berna"]
[Black "Vergara Anton, Diego"]
[Result "1/2-1/2"]
[WhiteElo "2134"]
[BlackElo "2063"]
[Annotator "TA"]
[PlyCount "20"]
[EventDate "2018.09.17"]
[EventType "swiss"]
[EventCountry "ESP"]
[SourceTitle "playchess.com"]
[Source "ChessBase"]
[SourceQuality "1"]

{[%evp 12,20,40,44,49,58,43,49,82,77,104]} 1. d4 d5 2. c4 dxc4 3. Nf3 e6 4. e3 Nf6 5. Bxc4 Be7 6. O-O O-O 7. Qe2 c5 {D26: Queen's Gambit Accepted: 4 e3 e6 5 Bxc5 c5 sidelines} 8. dxc5 Bxc5 9. e4 h6 $146 ({Predecessor:} 9... Nc6 10. e5 Nd5 11. Qe4 Be7 12. Nbd2 b6 13. Bd3 g6 {1-0 (71) Cramling,P (2525)-Westerinen,H (2335) Stockholm 2013}) 10. Nc3 a6 1/2-1/2

[Event "XXIV San Miguel 2018"]
[Site "Trevias"]
[Date "2018.09.21"]
[Round "5"]
[White "Acebal Muniz, Antonio"]
[Black "Clemente Llamero, Roberto"]
[Result "1-0"]
[WhiteElo "2105"]
[BlackElo "2086"]
[Annotator "TA"]
[PlyCount "161"]
[EventDate "2018.09.17"]
[EventType "swiss"]
[EventCountry "ESP"]
[SourceTitle "playchess.com"]
[Source "ChessBase"]
[SourceQuality "1"]

{[%evp 16,161,48,26,53,39,47,31,32,31,50,40,100,50,59,38,57,58,72,64,87,82,82,82,83,83,90,82,90,77,87,56,102,97,102,102,102,102,102,108,104,85,114,114,114,75,83,79,81,88,95,97,85,89,98,95,95,83,86,88,117,108,118,116,128,128,128,128,118,121,144,144,182,177,164,154,154,144,144,0,159,159,139,0,153,159,183,171,155,168,162,160,194,191,329,265,350,331,319,258,281,268,253,165,175,122,136,129,166,159,156,115,265,262,391,367,375,356,319,146,171,171,150,131,342,273,364,361,350,358,349,340,319,284,428,428,399,385,389,365,518,505,29993,425,29997,29998,29998,29999]} 1. Nf3 d5 2. d4 Nf6 3. c4 c6 4. Nc3 g6 5. cxd5 cxd5 6. Bf4 Bg7 7. e3 O-O 8. Bd3 Nc6 9. O-O {LiveBook: 11 Games} b6 {D90: Grünfeld: 4 Nf3 Bg7 sidelines} 10. Ne5 $146 ({Predecessor:} 10. Rc1 Bb7 11. h3 Rc8 12. Qa4 a6 13. Ne5 b5 14. Nxc6 Rxc6 15. Qb4 Re6 16. Rfd1 Bc6 17. a4 bxa4 18. Nxa4 Bxa4 19. Qxa4 {1-0 (28) Pavlovic,M (2540)-Miljkovic,M (2484) Kragujevac 2010}) 10... Bb7 11. Qa4 Nxe5 {White is slightly better.} 12. Bxe5 a6 13. Rfc1 Ne8 (13... Ng4 $14) 14. Bxg7 Kxg7 15. Qb3 Nf6 16. Na4 Nd7 17. Rc2 e6 18. Rac1 Rc8 19. Rxc8 Bxc8 20. Qb4 b5 21. Nc5 Nxc5 22. Rxc5 Bd7 23. Qc3 Qb8 24. Qa5 Qd6 25. Qc7 Qxc7 26. Rxc7 $16 {[%mdl 4096] Endgame KRB-KRB} Rd8 27. Kf1 Be8 28. Ke2 Rd6 29. Kd2 Rb6 30. Kc3 b4+ 31. Kd2 a5 32. Ra7 a4 33. Bc2 b3 34. axb3 axb3 35. Bd1 Bb5 36. Ra3 ({Of course not} 36. Bxb3 $6 Bf1 $11) 36... Bc4 37. g3 h5 38. Kc3 Rc6 39. Bxb3 Bf1+ 40. Kd2 Rb6 41. h4 Kf6 42. Kc1 g5 43. Bd1 gxh4 44. gxh4 Rb8 45. Ra7 Kg6 46. Bc2+ Kf6 47. Bd1 Kg6 48. Rc7 Bc4 49. Ra7 Bf1 $1 50. Kc2 Rc8+ 51. Kd2 Rb8 52. b3 {[%cal Bb2b3,Bb3b4][%mdl 32]} Bh3 53. Rc7 Ra8 54. b4 Bf5 (54... Rb8 $142) 55. Bb3 Ra1 56. Rc1 Ra3 57. Kc3 Bd3 58. Kb2 ({Inferior is} 58. Kxd3 Rxb3+ 59. Ke2 Rb2+ 60. Kd3 Rxb4 $11) 58... Ra8 59. Rg1+ Kf6 60. Kc3 (60. Ra1 $18 Rb8 61. Bd1) 60... Be2 61. Kd2 Bg4 62. Rb1 Ke7 63. b5 Kd6 (63... Ra5 $16) 64. Rc1 $18 Bf5 (64... Ra5 $142 65. Rc6+ Kd7) 65. Rc6+ Kd7 66. Ra6 Rb8 67. Ba4 (67. Kc3 $18 {is more deadly.}) 67... Kc7 $16 68. Kc3 Kb7 69. Kb4 {Hoping for Ka5.} Rg8 $2 (69... Rc8 $16 {was worth a try.}) 70. Kc5 Rg1 {[#]} 71. Rb6+ $1 Kc7 {Strongly threatening ...Rc1+.} 72. Rc6+ Kb7 73. b6 {Threatens to win with Rc7+.} Rc1+ 74. Kd6 Rh1 (74... Rf1 {is a better defense.} 75. Rc7+ Kxb6) 75. Rc7+ $18 Kxb6 76. Rxf7 Rxh4 77. Bd7 Re4 (77... Rg4 $142 78. Bxe6 Bxe6 79. Kxe6 h4) 78. Rf8 {[#] Intending Rb8+ and mate.} h4 (78... Rg4 $18 79. Bxe6 Bxe6) 79. Bc6 (79. Rb8+ $142 Ka6 80. Rb4 Rg4 81. Kc7 Bc2 82. Rb2 Ka5 83. Rxc2 h3 84. Bxe6 Rg7+ 85. Kd6) 79... h3 (79... Rg4 $18 80. Bxd5 h3) 80. Rb8+ Ka7 81. Kc7 {Precision: White = 67%, Black = 46%.} 1-0

[Event "XXIV San Miguel 2018"]
[Site "Trevias"]
[Date "2018.09.21"]
[Round "5"]
[White "Garcia Gonzalez, Fernando"]
[Black "Cuevas Fernandez, Manuel A."]
[Result "1-0"]
[WhiteElo "2027"]
[BlackElo "2113"]
[Annotator "TA"]
[PlyCount "97"]
[EventDate "2018.09.17"]
[EventType "swiss"]
[EventCountry "ESP"]
[SourceTitle "playchess.com"]
[Source "ChessBase"]
[SourceQuality "1"]

{[%evp 17,97,42,47,44,38,37,44,-15,-3,-16,17,17,28,0,0,0,23,0,0,0,0,-31,72,48,59,60,69,65,62,58,56,0,61,53,44,0,0,0,0,0,0,0,0,0,0,0,0,-17,0,0,0,0,190,177,149,167,297,291,471,480,475,475,1450,1271,1447,1279,1777,1582,29992,1560,860,8,16,47,26,8,29985,29974,29974,29975,29974,29975]} 1. Nf3 Nf6 2. d4 e6 3. Bg5 c5 4. e3 d5 5. c3 Qb6 6. Qb3 c4 {D03: 1 d4 d5 2 Nf3 Nf6 3 Bg5, including Torre Attack with early ...d5} (6... Nc6 7. Nbd2 Bd6 8. Be2 Bd7 9. O-O O-O 10. Rad1 cxd4 11. exd4 Qc7 12. Bxf6 gxf6 13. c4 dxc4 14. Nxc4 Ne7 15. Nxd6 Qxd6 {½-½ (41) Koziak,V (2456)-Lagarde,M (2566) Sautron 2014 EXT 2015 [RR]}) 7. Qc2 Ne4 8. Bf4 f5 9. Nbd2 Nc6 $146 {LiveBook: 3 Games} ({Predecessor:} 9... Bd6 10. Ne5 Nxd2 11. Qxd2 Nd7 12. Nxd7 Bxd7 13. Bxd6 Qxd6 14. b3 {1-0 (48) Lalic,D (2353)-Vlatkovic,M (2302) Sombor 2009}) 10. Be2 Be7 11. Ne5 O-O 12. g4 ({White should play} 12. Nxe4 $14 fxe4 13. b3) 12... a5 (12... Nxe5 {keeps more tension.} 13. Bxe5 Bd7 14. Nxe4 fxe4 15. b3 Qa6) 13. gxf5 Nxd2 14. Kxd2 exf5 15. b3 Nxe5 $1 16. Bxe5 Qc6 17. Rhg1 Bf6 18. f4 $36 {[%mdl 2048] White fights for an advantage.} Be6 19. Rg3 Rac8 (19... Bxe5 $15 {stays ahead.} 20. fxe5 b5) 20. Rag1 Bxe5 21. fxe5 Rc7 22. bxc4 dxc4 23. Bf3 Bd5 24. Qd1 (24. Bxd5+ $14 Qxd5 25. a4) 24... f4 (24... Bxf3 $11 25. Qxf3 Qa4 26. Qd5+ Kh8) 25. Bxd5+ $14 Qxd5 26. Qf3 Qb5 27. exf4 {Kc1 is the strong threat.} Qb2+ 28. Kd1 {[%cal Bd2d1,Bd1e2,Be2e1][%mdl 32]} Qb1+ 29. Ke2 Qxa2+ 30. Ke1 Qb1+ 31. Ke2 Qc2+ 32. Kf1 a4 33. R3g2 Qc1+ 34. Kf2 Qxf4 $2 (34... Qc2+ $11 {and Black has nothing to worry.} 35. Kg3 Qf5) 35. Qxf4 $18 Rxf4+ $11 {[%mdl 4096] Endgame KRR-KRR} 36. Ke3 Rh4 {[#]} (36... Rf5 {is a better defense.}) 37. d5 $1 $18 {[%cal Bd4d5,Bd5d6][%mdl 32]} Rh3+ $2 (37... Rh5 {was called for.}) 38. Ke4 Rh4+ 39. Rg4 Rxg4+ (39... Rxh2 $142 40. d6 Rf7) 40. Rxg4 {KR-KR} a3 41. d6 Rc8 42. e6 {[%cal Be5e6,Be6e7][%mdl 32] Intending d7 and mate.} a2 43. Rg1 (43. d7 $142 Ra8 44. e7 g6 45. d8=Q+ Kg7 46. Qxa8 Kh6 47. Qf8+ Kh5 48. Qf4 a1=Q 49. Rh4#) 43... Ra8 44. Ra1 $2 (44. d7 $18 {White wants to mate with e7.} Kf8 45. Ke5 Ra5+ 46. Kd6 Ra6+ 47. Kc7 Rc6+ 48. Kd8 Rxe6 49. Kc8) 44... Kf8 $11 45. Kd5 Ra5+ 46. Kxc4 {aiming for Rf1+.} Re5 $2 {[%mdl 8192] [#]} (46... Ke8 $11) 47. e7+ {White mates.} Ke8 48. Rxa2 Kd7 49. Ra8 {Precision: White = 53%, Black = 37%.} 1-0

[Event "XXIV San Miguel 2018"]
[Site "Trevias"]
[Date "2018.09.21"]
[Round "5"]
[White "Gonzalez Guedes, Iyan"]
[Black "Gutierrez Abarrategui, Luis"]
[Result "1/2-1/2"]
[WhiteElo "1927"]
[BlackElo "1872"]
[Annotator "NA"]
[PlyCount "26"]
[EventDate "2018.09.17"]
[EventType "swiss"]
[EventCountry "ESP"]
[SourceTitle "playchess.com"]
[Source "ChessBase"]
[SourceQuality "1"]
[TimeControl "5400+30"]

{[%evp 8,24,12,4,0,11,0,4,32767,26,32767,29,62,74,114,97,32767,85,101]} 1. e4 {[%emt 0:00:00]} c6 {[%emt 0:00:00]} 2. c4 {[%emt 0:00:00]} d5 {[%emt 0:04:59]} 3. exd5 {[%emt 0:00:00]} cxd5 {[%emt 0:00:14]} 4. cxd5 Nf6 {[%emt 0:00:17]} 5. Nc3 {[%emt 0:00:07]} Nxd5 {[%emt 0:01:08]} 6. Nf3 {[%emt 0:00:10]} Nc6 {[%emt 0:00:39]} 7. Bb5 {[%emt 0:01:19]} Nxc3 {[%emt 0:06:30]} 8. bxc3 {[%emt 0:01:49]} Bd7 {[%emt 0:04:17]} 9. O-O {[%emt 0:01:51] LiveBook: 9 Games} e6 {[%emt 0:01:25]} 10. d4 {[%emt 0:03:15]} Qa5 {[%emt 0:04:02]} ({Lieber} 10... Bd6 $14) 11. Qe2 {[%emt 0:03:52]} a6 {[%emt 0:02:08]} 12. Bd3 {[%emt 0:07:56]} Be7 $16 {[%emt 0:09:01]} 13. c4 {[%emt 0:07:07]} O-O 1/2-1/2